000 00214 a2200097 4500
001 7767
100 _aHancock, H
245 _aTheory of maxima and minima
260 _a
_bDover Publication
_c
090 _c6222
_d6222
942 _aNUST-CAE
_cM
_c32737
999 _c242840
_d242840